[Event "TUR-chT Clubs"]
[Site "Konya"]
[Date "2019.07.19"]
[Round "6.25"]
[White "Guvel, Kazim"]
[Black "Isik, Mehmet"]
[Result "1/2-1/2"]
[WhiteElo "1477"]
[BlackElo "1310"]
[PlyCount "110"]
[EventDate "2019.07.16"]
[EventType "team-swiss"]
[EventRounds "9"]
[EventCountry "TUR"]
[SourceTitle "CBM 191 Extra"]
[Source "ChessBase"]
[SourceDate "2019.09.30"]
[SourceVersion "1"]
[SourceVersionDate "2019.09.30"]
[SourceQuality "1"]
[WhiteTeam "Mersin Zeka"]
[BlackTeam "Nusaybin Dernegi"]
[WhiteTeamCountry "TUR"]
[BlackTeamCountry "TUR"]

1. d4 Nf6 2. Nf3 g6 3. c4 Bg7 4. Nc3 0-0 5. e4 d6 6. Be2 Nbd7 7. Bf4 c5 8. d5 Nh5 9. Be3 Nhf6 10. Qd2 Ng4 11. Bf4 a6 12. h3 Ngf6 13. Bh6 Rb8 14. Bxg7 Kxg7 15. h4 h5 16. Ng5 Qa5 17. g4 Rh8 18. gxh5 Nxh5 19. Bxh5 Rxh5 20. f4 b5 21. cxb5 axb5 22. Ne2 Qxd2+ 23. Kxd2 Nf6 24. Ng3 Rh6 25. Raf1 Ra8 26. a3 b4 27. axb4 cxb4 28. Rc1 Rh8 29. Rc7 Re8 30. h5 Ng8 31. hxg6 Kxg6 32. Rh8 Bg4 33. Rb7 Reb8 34. Rxb8 Rxb8 35. Nf1 Rc8 36. Ne3 Bd7 37. Nf3 Kg7 38. Rh1 Nf6 39. Ng5 Rc7 40. Rg1 Kf8 41. Ra1 Rc8 42. Ra7 Bb5 43. Rb7 Rc5 44. Nf5 Nxe4+ 45. Ke3 Nxg5 46. fxg5 Rxd5 47. Nxe7 Re5+ 48. Kf4 Ba6 49. Rb6 Kxe7 50. Rxa6 Rb5 51. Ra7+ Ke6 52. Ra8 Rb7 53. Re8+ Re7 54. Rb8 Kd5 55. Rxb4 Re1 1/2-1/2